000 00348pab a2200121 454500
008 180718b xxu||||| |||| 00| 0 eng d
100 _aOommen, M.A.
245 _aThe acute unemployment problem of Kerala: some explanatory hypotheses
650 _a Unemployment
650 _aUnemployment - India - Kerala
773 _aIASSI Quarterly
909 _a23279
999 _c23279
_d23279